000 01090nam a2200337 a 4500
001 6497
003 FISKH
005 20250819155938.0
008 960723s1994 nyua b 000 1 eng
010 _a 96171888
020 _a0590479172
020 _a9780545069311
040 _aDLC
_cDLC
_beng
050 _aPZ7.T3 G
082 _a813
100 1 _aThaler, Mike,
_d1936-
245 1 4 _aThe gym teacher from the Black Lagoon /
_cby Mike Thaler ; pictures by Jared Lee.
260 _aNew York :
_bScholastic,
_c1994.
300 _a32 unnumbered pages ;
_bcolor illustrations ;
_c21 cm
505 _aM
520 _aOn the first day of school, a young boy expects only the worst when he discovers that his new gym teacher is "Coach Kong," Mr. Green.
521 _a530
_bLexile
521 _aM
_bRaz-Plus
650 1 _aPhysical education and training
_xFiction.
650 1 _aSchools
_xFiction.
650 1 _aHumorous stories.
700 1 _aLee, Jared D.,
_eillustrator
906 _a7
_bcbc
_corignew
_d4
_encip
_f19
_gy-gencatlg
942 _2ddc
_cBK
_n0
999 _c6497
_d6497